000 00285nam a22001217a 4500
040 _cCHE
082 _a636 CHE 2019 C139 Or.
100 _aCHE LENGSROUN
245 _aការយល់ដឹងពីកសិកម្ម
260 _aRUA
_bCHE
_c2019
300 _a188P
942 _cKB
999 _c19705
_d19705